000 00338nam a2200133Ia 4500
008 240624s9999 xx 000 0 und d
041 _aeng
082 _a823 AMI
100 _aAMISH
245 _aOATH OF THE VAYUPUTRAS BOOK 3 OF THE SHI
260 _c2013
_aNew Delhi
_bWestland Ltd
300 _axx, : 575 : p. : cm. ; 19
365 _cRS
999 _c27683
_d27683